|
|
|
|
| LEADER |
00000nab a2200000 a 4500 |
| 001 |
vtls000923609 |
| 003 |
SK-MaSNL |
| 005 |
20260426070913.0 |
| 008 |
040720e19980827xo 0 slo |
| 035 |
|
|
|a KE32486
|
| 040 |
|
|
|a KEVKJB
|b slo
|c KEVKJB
|e AACR2
|
| 041 |
0 |
|
|a slo
|
| 044 |
|
|
|a xo
|c SK
|
| 080 |
|
|
|a 792
|2 1981
|
| 100 |
1 |
|
|a Petraško, Ľudovít,
|d 1949-
|4 aut
|9 89986
|
| 245 |
1 |
0 |
|a Na javisku nielen po slovensky
|
| 650 |
0 |
7 |
|a nemecké divadlo
|2 SNKPH
|9 3366
|
| 650 |
0 |
7 |
|a dejiny divadla
|2 SNKPH
|9 83390
|
| 651 |
|
7 |
|a Prešov (Slovensko)
|2 SNKPHgeo
|9 17347
|
| 651 |
|
7 |
|a Košice (Slovensko)
|2 SNKPHgeo
|9 18694
|
| 651 |
|
7 |
|a Slovensko
|2 SNKPHgeo
|9 14231
|
| 655 |
|
7 |
|a periodikum
|2 SNKPH
|9 29553
|
| 655 |
|
7 |
|a recenzie
|2 SNKPH
|9 21907
|
| 773 |
0 |
8 |
|t Sme
|g Roč. 6, č.199, 27.8.1998
|
| 773 |
0 |
8 |
|i Príl.:
|t Sme na východe.- Roč. 3, č. 130 (1998), s. 3
|
| 852 |
|
|
|a ZVYKNI
|b KIS3GCP
|
| 999 |
|
|
|c 2672421
|d 2674351
|